000 00306nam a22001337a 4500
008 171103b xxu||||| |||| 00| 0 eng d
020 _a9780324408089
041 _aeng
080 _27 ED
_a339.138
100 _a60
101 _aMAR
245 _aADVERTISING AND PROMOTION
_cSHIMP.T.A
942 _2udc
_cBK
999 _c37498
_d37498